Statistics for How Good Are Your Eyes?

Click here to take the quiz!

General Stats

  • This quiz has been taken 1,396 times
  • The average score is 14 of 16

Answer Stats

WordWord% Correct
CureCure
100%
DialDial
100%
LavaLava
100%
PintPint
100%
QuitQuit
100%
FeudFeud
99%
IntoInto
99%
UserUser
99%
CornCorn
98%
NullNull
95%
RiftRift
95%
GoldGold
94%
SingSing
93%
TurnTurn
74%
DiveDive
69%
HoaxHoax
20%

Score Distribution

Percentile by Number Answered

Percent of People with Each Score

Your Score History

You have not taken this quiz